[Event "St Petersburg Korchnoi Memorial op"]
[Site "St Petersburg"]
[Date "2018.08.23"]
[Round "9"]
[White "Benkirane, Amine"]
[Black "Shirokov, Ivan"]
[Result "1-0"]
[WhiteElo "1709"]
[BlackElo "1000"]
[PlyCount "99"]
[EventDate "2018.08.15"]
[EventType "swiss"]
[EventRounds "9"]
[EventCountry "RUS"]
[SourceTitle "CBM 186 Extra"]
[Source "ChessBase"]
[SourceDate "2018.08.24"]
[SourceVersion "1"]
[SourceVersionDate "2018.08.24"]
[SourceQuality "1"]

1. d4 Nf6 2. Nf3 d5 3. e3 e6 4. Be2 Bb4+ 5. Bd2 Bxd2+ 6. Qxd2 Nc6 7. 0-0 0-0 8. c4 Re8 9. Nc3 Bd7 10. cxd5 Nxd5 11. Nxd5 exd5 12. Rac1 a6 13. Rc5 Bg4 14. Rfc1 h6 15. a4 Re6 16. b4 Re7 17. h3 Bh5 18. b5 axb5 19. Rxb5 Ra7 20. a5 Qa8 21. Rxd5 Rxa5 22. Rxa5 Qxa5 23. Qxa5 Nxa5 24. g4 Bg6 25. Ne5 Be4 26. f3 Bc6 27. e4 f6 28. Ng6 Re6 29. d5 Bxd5 30. Nf4 Rc6 31. Ra1 Bxe4 32. fxe4 Nb3 33. Rb1 Nd4 34. Rxb7 Nxe2+ 35. Nxe2 Re6 36. Ng3 c5 37. Rc7 Re5 38. Kf2 g6 39. Ke3 Kf8 40. Kd3 Kg8 41. Kc4 Kf8 42. Rxc5 Re7 43. Kd4 Rd7+ 44. Ke3 Kf7 45. h4 Ke6 46. h5 Kf7 47. hxg6+ Kxg6 48. Rh5 Rh7 49. Rf5 Rf7 50. Nh5 1-0

[Event "St Petersburg Korchnoi Memorial op"]
[Site "St Petersburg"]
[Date "2018.08.19"]
[Round "5"]
[White "Shirokov, Ivan"]
[Black "Gyrgenova, Ekaterina"]
[Result "0-1"]
[WhiteElo "1000"]
[BlackElo "1738"]
[PlyCount "68"]
[EventDate "2018.08.15"]
[EventType "swiss"]
[EventRounds "9"]
[EventCountry "RUS"]
[SourceTitle "CBM 186 Extra"]
[Source "ChessBase"]
[SourceDate "2018.08.24"]
[SourceVersion "1"]
[SourceVersionDate "2018.08.24"]
[SourceQuality "1"]

1. Nf3 Nf6 2. d4 g6 3. Bf4 Bg7 4. e3 d6 5. Bd3 0-0 6. 0-0 Nbd7 7. c4 Re8 8. Bc2 b6 9. Nbd2 Bb7 10. e4 e5 11. dxe5 dxe5 12. Bg5 Nc5 13. Re1 Qd6 14. Bxf6 Bxf6 15. Nb3 Qe7 16. Nxc5 Qxc5 17. b3 Rad8 18. Qe2 Bg7 19. Red1 Qa3 20. h3 Bf6 21. Rxd8 Rxd8 22. Bd3 a5 23. Rb1 a4 24. Qc2 Kg7 25. Bf1 axb3 26. axb3 Qa8 27. Re1 Rd6 28. b4 c5 29. b5 h5 30. Nd2 Rd4 31. Bd3 Qd8 32. Re3 Bg5 33. Nf3 Bxe3 34. Nxd4 Bxd4 0-1

[Event "St Petersburg Korchnoi Memorial op"]
[Site "St Petersburg"]
[Date "2018.08.17"]
[Round "3"]
[White "Sugakov, Dmitry S"]
[Black "Shirokov, Ivan"]
[Result "1-0"]
[WhiteElo "2065"]
[BlackElo "1000"]
[PlyCount "39"]
[EventDate "2018.08.15"]
[EventType "swiss"]
[EventRounds "9"]
[EventCountry "RUS"]
[SourceTitle "CBM 186 Extra"]
[Source "ChessBase"]
[SourceDate "2018.08.24"]
[SourceVersion "1"]
[SourceVersionDate "2018.08.24"]
[SourceQuality "1"]

1. e4 e5 2. Nf3 Nc6 3. d4 exd4 4. Nxd4 d6 5. Bc4 Nxd4 6. Qxd4 Be6 7. Nc3 Bxc4 8. Qxc4 Nf6 9. Bg5 Be7 10. 0-0-0 0-0 11. e5 Ne8 12. Be3 c6 13. exd6 Nxd6 14. Qg4 Qc8 15. Qf4 Rd8 16. h4 Qf5 17. Rxd6 Qxf4 18. Rxd8+ Rxd8 19. Bxf4 Rd4 20. Be3 1-0

[Event "St Petersburg Korchnoi Memorial op"]
[Site "St Petersburg"]
[Date "2018.08.16"]
[Round "2"]
[White "Shirokov, Ivan"]
[Black "Tsvetkov, Andrey1"]
[Result "0-1"]
[WhiteElo "1000"]
[BlackElo "2297"]
[PlyCount "86"]
[EventDate "2018.08.15"]
[EventType "swiss"]
[EventRounds "9"]
[EventCountry "RUS"]
[SourceTitle "CBM 186 Extra"]
[Source "ChessBase"]
[SourceDate "2018.08.24"]
[SourceVersion "1"]
[SourceVersionDate "2018.08.24"]
[SourceQuality "1"]

1. d4 d5 2. Nf3 Nf6 3. Bf4 c5 4. dxc5 e6 5. e3 Bxc5 6. Bb5+ Nc6 7. 0-0 0-0 8. Nc3 a6 9. Bxc6 bxc6 10. a3 a5 11. Ne5 Ba6 12. Re1 Rc8 13. Nd3 Be7 14. h3 c5 15. Bg5 h6 16. Bh4 Bb7 17. Ne5 d4 18. exd4 Qxd4 19. Bxf6 Bxf6 20. Nf3 Qf4 21. Qd2 Qc7 22. Qe2 Qc6 23. Rab1 c4 24. Qe4 Qc7 25. Qe2 Rb8 26. Ne5 Rfc8 27. Rbd1 Ba8 28. Rb1 Qb7 29. Nf3 Qc6 30. Red1 Rb6 31. Qf1 Rcb8 32. Nd4 Qc7 33. Ndb5 Rxb5 34. Nxb5 Rxb5 35. b3 Rg5 36. f3 Qg3 37. bxc4 Be5 38. Qf2 Qh2+ 39. Kf1 Bxf3 40. Qxf3 Rf5 41. Rd8+ Kh7 42. Qxf5+ exf5 43. Rdd1 Bg3 0-1